Vplyv poistenia v nezamestnanosti na zjemňovanie hospodárskeho cyklu

Pojem automatický (zabudovaný) stabilizátor. Najznámejšie typy automatického stabilizátora - poistenie v nezamestnanosti a progresívne dôchodkové dane. Všeobecný prehľad prístupov k meraniu efektov zabudovaných stabilizátorov. Prehľad prístupov k meraniu stabilizačných účinkov poistenia v nezamestna...

Descrizione completa

Salvato in:
Dettagli Bibliografici
Autore principale: Ochotnický, Pavol
Altri autori: Čambalová, Andrea
Natura: Capitolo di libro
Lingua:slovacco
Soggetti:
Tags: Aggiungi Tag
Nessun Tag, puoi essere il primo ad aggiungerne!!

MARC

LEADER 00000naa$a2200000$$$4500
001 0098871
005 20240502072105.7
041 0 |a slo 
044 |a SK 
245 1 0 |a Vplyv poistenia v nezamestnanosti na zjemňovanie hospodárskeho cyklu  |c Pavol Ochotnický, Andrea Čambalová 
520 |a Pojem automatický (zabudovaný) stabilizátor. Najznámejšie typy automatického stabilizátora - poistenie v nezamestnanosti a progresívne dôchodkové dane. Všeobecný prehľad prístupov k meraniu efektov zabudovaných stabilizátorov. Prehľad prístupov k meraniu stabilizačných účinkov poistenia v nezamestnanosti. Navrhovaný prístup pre meranie stabilizačných účinkov poistenia v nezamestnanosti. 
610 2 0 |a ekonometria 
610 2 0 |a metódy ekonometrické 
610 2 0 |a poistenie v nezamestnanosti 
610 2 0 |a dôchodok národný hrubý 
610 2 0 |a hospodárstvo národné 
610 2 0 |a dane 
610 2 0 |a cykly hospodárske 
100 1 |a Ochotnický, Pavol 
700 1 |a Čambalová, Andrea